00765cam a22002291 4500001001300000003000400013005001700017008004100034010001700075035001900092040004000111042001200151050002000163110003200183245009300215260005900308300002400367650003500391610004700426700004500473999001700518gs 66000070 DLC20260227111418.0780525s1965 onc b f000 0 eng c ags 66000070  a(OCoLC)3928253 aU.S. Geol. Survey. Libr.cOAkUdDLC apremarc00aZ6034.C19bA5172 aGeological Survey of Canada10aIndex to reports of Geological Survey of Canada from 1951-59.cCompiled by J. F. Wright. a[Ottawa]bDept. of Mines and Technical Surveys,c1965. axii, 379 p.c25 cm. 0aGeologyzCanadavBibliography.20aGeological Survey of CanadavBibliography.1 aWright, J. F.q(John Frank),d1894-1974. c30184d30184